| 000 | 00760nam a2200193 4500 | ||
|---|---|---|---|
| 999 |
_c3718 _d3718 |
||
| 008 | 160805b xxu||||| |||| 00| 0 eng d | ||
| 022 | _a00014826 | ||
| 082 | _aDPer 657.05 Ac27 Sept 2015 v. 90, n. 5 | ||
| 100 |
_912382 _aDee, Carol Callaway |
||
| 243 | _aThe accounting review | ||
| 245 |
_aWho Did the Audit? Audit Quality and Disclosures of Other Audit Participants in PCAOB Filings/ _cCarol Callaway Dee, Ayalew Lulseged and Tianming Zhang. |
||
| 260 |
_aSarasota, Florida. _bAmerican Accounting Association, _c©2015. |
||
| 300 |
_av90 n5, pages 1939-1967; _c26 cm. |
||
| 500 | _aThe Accounting Review. | ||
| 650 | 0 |
_912383 _aAuditing |
|
| 700 |
_912384 _aLulseged, Ayalew _eAuthor |
||
| 700 |
_912385 _aZhang, Tianming _eAuthor |
||
| 942 |
_2ddc _cPER |
||